Nuestro idioma, curo de lenguaje adaptado a los programas de los grados superiores de la escuela primaria en Argentina.

Gespeichert in:
Bibliographische Detailangaben
1. Verfasser: Giusti, Roberto
Format: Buch
Sprache:Spanisch
Erschienen: Buenos Aires Arg. Ángeles Estrada & Cía., S. A., Editores [s. a.]
Ausgabe:8a. ed.
Katalog:MANES:  Suchergebnis im Bibliothekskatalog
Schulbuchspezifische Eigenschaften:
Tags: Tag hinzufügen
Keine Tags, Fügen Sie den ersten Tag hinzu!
Hinzugefügt zu:24.10.2018
Geändert in:20.05.2026

MARC

LEADER 00000nam a2200000 4500
005 20260520171836.0
008 181025b xxu||||| |||| 00| 0 spa d
040 |a centro_manes   |c universidad_colima 
100 |9 22647  |a Giusti, Roberto 
245 |a Nuestro idioma, curo de lenguaje adaptado a los programas de los grados superiores de la escuela primaria en Argentina.  
250 |a 8a. ed. 
260 |a  Buenos Aires Arg.   |b Ángeles Estrada & Cía., S. A., Editores  |c  [s. a.] 
300 |a V- 291 p.   |c 18 cm. 
500 |a Aparece: Francisco Ziga, "Bibliografía Pedagógica. Libros de texto para enseñanza primaria:1850-1970 V. Libros de Gramática" en Boletín del Instituto de Investigaciones Bibliográficas 1981-1982, Biblioteca Nacional, Hemeroteca Nacional, Universidad Nacional Autónoma de México, Nos. 18 - 19,p. 164. 
546 |a México 
690 0 |a LEN 
691 0 |a PRI 
942 |2 ddc  |c BK 
999 |c 52521  |d 52521 
999 |c manes:52521  |d 52521